South Eastern Kenya University

Library Online Public Access Catalogue


Digital 3D design / (Record no. 12892)

MARC details
000 -LEADER
fixed length control field 00742cam a22002774a 4500
001 - CONTROL NUMBER
control field 12451058
003 - CONTROL NUMBER IDENTIFIER
control field OSt
005 - DATE AND TIME OF LATEST TRANSACTION
control field 20160421090733.0
008 - FIXED-LENGTH DATA ELEMENTS--GENERAL INFORMATION
fixed length control field 010625s2001 nyua 001 0 eng
010 ## - LIBRARY OF CONGRESS CONTROL NUMBER
LC control number 2001092957
020 ## - INTERNATIONAL STANDARD BOOK NUMBER
International Standard Book Number 0823012964
040 ## - CATALOGING SOURCE
Original cataloging agency SEKU
042 ## - AUTHENTICATION CODE
Authentication code pcc
050 00 - LIBRARY OF CONGRESS CALL NUMBER
Classification number T 385
Item number .D3
082 00 - DEWEY DECIMAL CLASSIFICATION NUMBER
Classification number 006.6/93
Edition number 21
100 1# - MAIN ENTRY--PERSONAL NAME
Personal name Danaher, Simon.
245 10 - TITLE STATEMENT
Title Digital 3D design /
Statement of responsibility, etc. Simon Danaher.
260 ## - PUBLICATION, DISTRIBUTION, ETC. (IMPRINT)
Place of publication, distribution, etc. New York :
Name of publisher, distributor, etc. Watson-Guptill Publications,
Date of publication, distribution, etc. 2001.
300 ## - PHYSICAL DESCRIPTION
Extent 192 p. :
Other physical details ill. (some col.) ;
Dimensions 24 cm.
440 #0 - SERIES STATEMENT/ADDED ENTRY--TITLE
Title Design directories
500 ## - GENERAL NOTE
General note Includes index.
650 #0 - SUBJECT ADDED ENTRY--TOPICAL TERM
Topical term or geographic name as entry element Computer graphics.
650 #0 - SUBJECT ADDED ENTRY--TOPICAL TERM
Topical term or geographic name as entry element Computer animation.
650 #0 - SUBJECT ADDED ENTRY--TOPICAL TERM
Topical term or geographic name as entry element Three-dimensional display systems.
942 ## - ADDED ENTRY ELEMENTS (KOHA)
Source of classification or shelving scheme Library of Congress Classification
Koha item type General circulation
Holdings
Withdrawn status Lost status Source of classification or shelving scheme Damaged status Not for loan Home library Current library Shelving location Date acquired Source of acquisition Total Checkouts Full call number Barcode Date last seen Price effective from Koha item type Public note
    Library of Congress Classification     Main Campus Library Main Campus Library General Stacks 21/04/2016 Donation- Books for Africa   T 385 .D3 2016/016599 21/04/2016 21/04/2016 General circulation stv
Kitui, Kenya.
+254736116989
library@seku.ac.ke